• 首页
  • 本馆介绍
  • 公告通知
  • 最新文献
  • 馆藏检索
  • 电子资源
  • 读者导购
  • 参考咨询
  • 我的图书馆
  • 登录
  • 详细信息显示
  • 放入我的书架
  • 预约/预借图书
  • 作者相关作品
  • 分类相关作品
  • 丛书相关作品
  • 出版社相关作品

书目信息

  • 表格格式
  • 工作单格式
  • 卡片格式
题名:
受控热核反应
    
 
作者: 卢鹤绂 编著
分册:  
出版信息: 上海   上海科学技术出版社  1962
页数: 1049页
开本: 26cm
丛书名:
单 册:
中图分类: TL64
科图分类:
主题词: 聚变堆 , 聚变堆
电子资源:
ISBN:
000 00663nam0 2200253 45 981
001 0631169671
005 20060805084024.12
010    @b精装@dCNY10.30
091    @a13119.469
100    @a19960201d1962 em y0chiy0121 ea
101 0  @achi
102    @aCN@b310000
105    @aaf z 000yy
106    @ar
200 10 @a受控热核反应@e理论基础及探索成就@f卢鹤绂等编著@Ashou kong re he fan ying
210    @a上海@c上海科学技术出版社@d1962
215    @a1049页@c表,图@d26cm
517 1  @a理论基础及探索成就
606    @a聚变堆
606 0  @a聚变堆
690    @aTL64@v3
701  0 @a卢鹤绂@4编著@Alu he fu
801 0  @c20060805
905    @a10447@dTL64@e28
    
    受控热核反应:理论基础及探索成就/卢鹤绂等编著.-上海:上海科学技术出版社,1962
    1049页:表,图;26cm
    
    
    ISBN (精装):CNY10.30
    
●
相关链接 在E读中查询图书 在五车中查询图书 在当当中查询图书 在豆瓣中查询图书


正题名:受控热核反应     索取号:TL64/28         预约/预借

序号 登录号 条形码 馆藏地/架位号 状态 备注
1 0451496   204514962   密集书库/ [索取号:TL64/28] 在馆    
唐山师范学院图书馆 欢迎您!
大连网信软件有限公司© 版权所有